000
00283nam a22001217a 4500
008
181121b xxu||||| |||| 00| 0 eng d
041
_a
eng
080
_2
10 th
_a
159.9
100
_a
49
101
_a
PSI
245
_a
Exploring Psychology In Modules
_c
David.G.M
942
_2
udc
_c
BK
999
_c
52266
_d
52266